Statistiques concernant Evolutions de Pokémon - 8ème Génération

Cliquez ici pour prendre le quiz!

Statistiques générales

  • Ce quiz a été pris 14 fois
  • Le résultat moyen est 19 sur 24

Statistiques - réponses

PokémonEvolution% Correct
OuistempoBadabouin
92%
Minisange (2)Corvaillus
92%
Fantyrm (2)Lanssorien
92%
FlambinoLapyro
92%
Larméléon (2)Lézargus
92%
Flambino (2)Pyrobut
92%
Grimalin (2)Angoliath
85%
LarméléonArrozard
85%
MinisangeBleuseille
85%
Ouistempo (2)Gorythmic
85%
Bibichut (2)Sorcilence
85%
CharbiWagomine
85%
LarvadarColéodôme
77%
FantyrmDispareptil
77%
GrimalinFourbelin
77%
Charbi (2)Monthracite
77%
GoupilouRoublenard
77%
ToxizapSalarsen
77%
Larvadar (2)Astronelle
69%
BibichutChapotus
69%
CrémyCharmilly
69%
DunajaDunaconda
69%
PoulpafKrakos
69%
VoltoutouFulgudog
62%

Distribution des résultats

Percentile par nombre de réponses

% des personnes avec chaque résultat

Votre développement - résultats

Vous n’avez pas pris ce quiz